• 首页
  • 本馆介绍
  • 公告通知
  • 最新文献
  • 馆藏检索
  • 电子资源
  • 读者导购
  • 参考咨询
  • 我的图书馆
  • 登录
  • 详细信息显示
  • 放入我的书架
  • 预约/预借图书
  • 作者相关作品
  • 分类相关作品
  • 丛书相关作品
  • 出版社相关作品

书目信息

  • 表格格式
  • 工作单格式
  • 卡片格式
题名:
第二次世界大战后的利比里亚
    
 
作者: 叶戈罗夫 著 ;上海新闻出版系统"五七"干校翻译组 译
分册:  
出版信息: 上海   上海人民出版社  1973
页数: 189页
开本: 20cm
丛书名:
单 册:
中图分类: K447
科图分类:
主题词: 非洲--历史
电子资源:
ISBN:
000 00772nam0 2200205 450
001 0632512266
005 20060818090425.98
010    @dCNY0.51
100    @a20060818d1973 km y0chiy0120 ea
101 0  @achi
102    @aCN@b310000
200 1  @a第二次世界大战后的利比里亚@Adi er ci shi jie da zhan hou de li bi li ya@f(苏)叶戈罗夫著@F(su)ye ge luo fu zhu@g上海新闻出版系统"五七"干校翻译组译@Gshang hai xin wen chu ban xi tong"wu qi"gan xiao fan yi zu yi
210    @a上海@c上海人民出版社@d1973
215    @a189页@d20cm
606 0  @a非洲@x历史
690    @aK447@v3
701  0 @a叶戈罗夫@Aye ge luo fu@4著
712  0 @a上海新闻出版系统"五七"干校翻译组@Ashang hai xin wen chu ban xi tong"wu qi"gan xiao fan yi zu@4译
801  0 @aCN@bPFT@c20060818
905    @a10447@dK447@e17
    
    第二次世界大战后的利比里亚/(苏)叶戈罗夫著/上海新闻出版系统"五七"干校翻译组译.-上海:上海人民出版社,1973
    189页;20cm
    
    
    ISBN :CNY0.51
    
●
相关链接 在E读中查询图书 在五车中查询图书 在当当中查询图书 在豆瓣中查询图书


正题名:第二次世界大战后的利比里亚     索取号:K447/17         预约/预借

序号 登录号 条形码 馆藏地/架位号 状态 备注
1 0466450   204664504   密集书库/ [索取号:K447/17] 在馆    
唐山师范学院图书馆 欢迎您!
大连网信软件有限公司© 版权所有